000 00335nam a2200133Ia 4500
005 20260328104343.0
008 260328s9999||||xx |||||||||||||| ||und||
100 _aGómez, José Fernando
245 0 _aHabitats Flotantes /
_cJosé Fernando Gómez
260 _bTrama Ediciones
300 _a104 p.
650 _aECUADOR
942 _cBK
999 _c12206
_d12206